MDQL
is popping MORE tags! Check the
thread
!
Quizzes
Events
Quiz Creation
Community
Videos
Private Events
Remove Ads
Sign In
Join for FREE
Feedback
Dark Mode
Quiz Categories
Sports
Geography
Music
Movies
Television
Just For Fun
Miscellaneous
History
Literature
Language
Science
Gaming
Entertainment
Religion
Holiday
For Kids
Quiz Lab
Recent
Popular Today
Quiz Kudos Today
Editor Picks
Curator Picks
Quizzes by...
Day
Popularity
Type
Ratings
Length
Year
Community
Subscriptions
Recent Discussions
Orange Saloon
Badges
Playlists
Quests
Create
Leaderboards
Showdown
Live 5
Trivia Bingo
Activity
Puzzle Library
Sporcle Events
Private Events
Virtual Trivia
Globe League
Become a Host
Pub Owners
SporcleCon
Opinionation
Our Games
Videos
Blog
Mobile Apps
Partnerships
Remove Ads and Go Orange
Feedback
Sports
Athletes
MLB
NBA
NHL
NFL
Soccer
Sports Teams
WWE
NCAA
Football
Premier League
Basketball
Baseball
Hockey
Golf
Tennis
Cricket
Rugby
Auto Racing
Olympics
World Cup
Sports
Athletes
MLB
NBA
NHL
NFL
Soccer
Sports Teams
WWE
NCAA
Football
Premier League
Basketball
Baseball
Hockey
Golf
Tennis
Cricket
Rugby
Auto Racing
Olympics
World Cup
Random Quiz
Search Sporcle
×
Quiz Lab
Quiz Lab
Sports
MLB
Type in answers that appear in a list
Type in answers that appear in a list
Classic
Best Score? Go Orange.
MLB Top 5 WAR 1970-2011 (2B) Stats
Can you name the MLB Top 5 second basemen per season in WAR from 1970-2011?
By
badgerbob
15m
210 Questions
5,445 Plays
5,445 Plays
5,445 Plays
Comments
Comments
Give Quiz Kudos
Give Quiz Kudos
-
- Ratings
hide this ad
More Info
Replay
Link that replays current quiz
Next Quiz
Link to next quiz in quiz playlist
You Got
0%
They Got
Avg Score
67%
Avg Friend Score
Upgrade to see
Score Distribution
Jump to the score distribution portion of the page
Score
0/210
Timer
15:00
0
Plays Today
Year
Player
% Correct
2010
Chase Utley
96.5%
2009
Chase Utley
96.5%
2008
Chase Utley
96.5%
2007
Chase Utley
96.5%
2006
Chase Utley
96.5%
2005
Chase Utley
96.5%
2011
Dustin Pedroia
96.4%
2009
Dustin Pedroia
96.4%
2008
Dustin Pedroia
96.4%
2010
Robinson Cano
96.3%
2009
Robinson Cano
96.3%
2007
Robinson Cano
96.3%
1999
Craig Biggio
94.3%
1998
Craig Biggio
94.3%
1997
Craig Biggio
94.3%
1996
Craig Biggio
94.3%
1995
Craig Biggio
94.3%
1994
Craig Biggio
94.3%
1993
Craig Biggio
94.3%
1996
Ryne Sandberg
93.4%
1992
Ryne Sandberg
93.4%
1991
Ryne Sandberg
93.4%
1990
Ryne Sandberg
93.4%
1989
Ryne Sandberg
93.4%
1988
Ryne Sandberg
93.4%
1985
Ryne Sandberg
93.4%
1984
Ryne Sandberg
93.4%
2004
Jeff Kent
93.2%
2002
Jeff Kent
93.2%
2001
Jeff Kent
93.2%
2000
Jeff Kent
93.2%
1998
Jeff Kent
93.2%
1997
Jeff Kent
93.2%
1994
Jeff Kent
93.2%
2001
Roberto Alomar
91.7%
2000
Roberto Alomar
91.7%
1999
Roberto Alomar
91.7%
1996
Roberto Alomar
91.7%
1993
Roberto Alomar
91.7%
1992
Roberto Alomar
91.7%
1991
Roberto Alomar
91.7%
1988
Roberto Alomar
91.7%
1971
Sandy Alomar
91.3%
1970
Sandy Alomar
91.3%
1982
Joe Morgan
90.4%
1980
Joe Morgan
90.4%
1976
Joe Morgan
90.4%
1975
Joe Morgan
90.4%
1977
Joe Morgan
90.4%
1974
Joe Morgan
90.4%
1973
Joe Morgan
90.4%
1972
Joe Morgan
90.4%
1971
Joe Morgan
90.4%
1970
Joe Morgan
90.4%
2011
Brandon Phillips
87.8%
2007
Brandon Phillips
87.8%
1992
Tony Phillips
87.7%
2003
Bret Boone
85.9%
2001
Bret Boone
85.9%
1994
Lou Whitaker
85.9%
1991
Lou Whitaker
85.9%
1990
Lou Whitaker
85.9%
1989
Lou Whitaker
85.9%
1988
Lou Whitaker
85.9%
1987
Lou Whitaker
85.9%
1986
Lou Whitaker
85.9%
1985
Lou Whitaker
85.9%
1984
Lou Whitaker
85.9%
1983
Lou Whitaker
85.9%
1982
Lou Whitaker
85.9%
Year
Player
% Correct
1981
Lou Whitaker
85.9%
1979
Lou Whitaker
85.9%
1978
Lou Whitaker
85.9%
1997
Chuck Knoblauch
85%
1996
Chuck Knoblauch
85%
1995
Chuck Knoblauch
85%
1994
Chuck Knoblauch
85%
1992
Chuck Knoblauch
85%
2008
Brian Roberts
83.7%
2007
Brian Roberts
83.7%
2006
Brian Roberts
83.7%
2005
Brian Roberts
83.7%
2011
Ian Kinsler
83.4%
2009
Ian Kinsler
83.4%
2008
Ian Kinsler
83.4%
2010
Dan Uggla
81.9%
2008
Dan Uggla
81.9%
2006
Dan Uggla
81.9%
2011
Ben Zobrist
79.1%
2009
Ben Zobrist
79.1%
1987
Willie Randolph
79.1%
1986
Willie Randolph
79.1%
1985
Willie Randolph
79.1%
1980
Willie Randolph
79.1%
1979
Willie Randolph
79.1%
1978
Willie Randolph
79.1%
1977
Willie Randolph
79.1%
1976
Willie Randolph
79.1%
2003
Alfonso Soriano
78.1%
2002
Alfonso Soriano
78.1%
1975
Rod Carew
75.7%
1974
Rod Carew
75.7%
1973
Rod Carew
75.7%
1972
Rod Carew
75.7%
1973
Davey Johnson
74.6%
1971
Davey Johnson
74.6%
1970
Davey Johnson
74.6%
2010
Kelly Johnson
74.4%
2010
Rickie Weeks
72.6%
2007
Placido Polanco
71.8%
2005
Placido Polanco
71.8%
1986
Frank White
71.3%
1984
Frank White
71.3%
1982
Frank White
71.3%
1983
Bobby Grich
70.8%
1982
Bobby Grich
70.8%
1981
Bobby Grich
70.8%
1980
Bobby Grich
70.8%
1979
Bobby Grich
70.8%
1976
Bobby Grich
70.8%
1975
Bobby Grich
70.8%
1974
Bobby Grich
70.8%
1973
Bobby Grich
70.8%
1972
Bobby Grich
70.8%
1986
Steve Sax
68.9%
2002
Jose Vidro
68.1%
2000
Jose Vidro
68.1%
1994
Carlos Baerga
67.9%
1993
Carlos Baerga
67.9%
1992
Carlos Baerga
67.9%
1979
Davey Lopes
63.9%
1978
Davey Lopes
63.9%
1976
Davey Lopes
63.9%
1977
Davey Lopes
63.9%
1975
Davey Lopes
63.9%
1974
Davey Lopes
63.9%
2004
Luis Castillo
63.3%
2003
Luis Castillo
63.3%
1991
Julio Franco
60.7%
1990
Julio Franco
60.7%
Year
Player
% Correct
1989
Julio Franco
60.7%
1988
Julio Franco
60.7%
2005
Marcus Giles
60.1%
2003
Marcus Giles
60.1%
1985
Tom Herr
59.8%
1981
Tom Herr
59.8%
1999
Jay Bell
58.8%
1993
Robby Thompson
57.8%
1991
Robby Thompson
57.8%
1989
Robby Thompson
57.8%
1980
Paul Molitor
57%
1979
Paul Molitor
57%
2000
Edgardo Alfonzo
56.4%
1999
Edgardo Alfonzo
56.4%
2011
Howie Kendrick
55.4%
2006
Ray Durham
53.2%
2001
Ray Durham
53.2%
1990
Harold Reynolds
47.9%
2004
Mark Loretta
43.8%
2003
Mark Loretta
43.8%
1990
Bill Doran
41.9%
1988
Bill Doran
41.9%
1987
Bill Doran
41.9%
1985
Bill Doran
41.9%
1983
Bill Doran
41.9%
1987
Juan Samuel
40.4%
2005
Mark Ellis
39.6%
1986
Johnny Ray
39.4%
1984
Johnny Ray
39.4%
1983
Johnny Ray
39.4%
1997
John Valentin
39.3%
1982
Damaso Garcia
38.1%
1997
Delino DeShields
37.7%
1995
Delino Deshields
37.7%
1993
Delino DeShields
37.7%
2004
Orlando Hudson
33.5%
1974
Dave Cash
31.1%
1972
Dave Cash
31.1%
2001
Fernando Vina
30.2%
1987
Tim Teufel
29.3%
1984
Tim Teufel
29.3%
1978
Bump Wills
28.2%
1977
Bump Wills
28.2%
2000
Damion Easley
28.1%
1998
Damion Easley
28.1%
1999
Randy Velarde
27.5%
1995
Randy Velarde
27.5%
1975
Rennie Stennett
25.9%
1976
Phil Garner
25%
1977
Don Money
24.3%
1981
Ron Oester
23.9%
2004
Juan Uribe
20.9%
1972
Ron Hunt
20.7%
1971
Ron Hunt
20.7%
1989
Jose Oquendo
19.9%
1998
Mickey Morandini
18.5%
1978
Bill Madlock
18.4%
1973
Ted Sizemore
17.2%
2002
Mark Bellhorn
16.3%
1998
Jose Offerman
16%
1971
Cookie Rojas
15.7%
1995
Quilvio Veras
15.4%
2002
Junior Spivey
15.4%
1970
Felix Millan
14.9%
1970
Tony Taylor
13.4%
1981
Tony Bernazard
11.6%
1983
John Castino
11.2%
1996
Mark McLemore
10.6%
1980
Dave Stapleton
8.4%
2006
Jamey Carroll
6.9%
Quiz Playlist
Details
Report
Send in Message
Add To Playlist
More Info:
•To qualify for this list, player needed to play more games at second base than at any other position in the given season.
Classic:
Type in answers that appear in a list
Last Updated: Jul 6, 2017
Quiz Scoreboard
CHALLENGE
Sign Up to Join the Scoreboard
Show All
Scores
Hide
Comments
May contain spoilers
Recently Published
Colored Red Africa Blitz
by spor1
Geography
30s
Find the 'City' Movie
by crazypaving
Movies
60s
5x2 Blitz: Bands
by SL_Kpop136
Music
30s
More to Explore
Quiz From the Vault
Featured Blog Post
14 Easter Pick-up Lines to Find Eggs With
hide this ad
You Might Also Like...
Tags
Baseball Quiz
MLB Quiz
basement
Player
season
second
team
Top 5
Today's Top Quizzes in Sports
Browse Sports
hide this ad
Today's Top Quizzes in MLB
Browse MLB
Top Contributed Quizzes in Sports
1
Players with Multiple 50 Home Run Seasons
2
Criteria MLB: Left Handed Sluggers
3
MLB Players with Two .350 Batting Average Seasons
4
Who Hit More Homers?
5
Premier League Clubs since 2000 (minefield)
6
Who Needs Fielders?
7
2020 F1 Drivers Logic Puzzle
8
Les entraîneurs de l'OM et du PSG au 21e siècle
9
Top 10 NHL Goal Scorers of All Time
10
MLB Hall of Famer by Rings
Explore More
Trending Topics
Disney
Kpop
NBA
Anime
Marvel
Crossword
Harry Potter
WWE
Country
Puzzle
Soccer
NFL
Song
Pokémon
The Office
hide this ad
More By:
badgerbob
Quiz
Plays
Rating
Category
Featured
Created
MLB Top 5 Innings Pitched, 1996-2020
39,854
4.66
Sports
Dec 22, 2011
MLB Top 5 Strikeouts 1970-2011
16,496
4.68
Sports
Nov 10, 2011
MLB Top 5 ERA 1970-2011
15,253
4.61
Sports
Nov 7, 2011
MLB Top 5 WAR 1970-2011 (Catchers)
11,945
4.74
Sports
Jan 31, 2012
MLB Top 5 WAR 1970-2011 (SS)
10,871
4.67
Sports
Feb 3, 2012
Go to Creator's Profile
Score Distribution
Quiz Creator Spotlight
badgerbob
Follow
Send a Message
Quizzes Created
-
Created Quiz Play Count
-
More By This Creator
Popular Quizzes Today
1
Find the 'City' Movie
2
Colored Red Africa Blitz
3
5x2 Blitz: Bands
4
Find the US States - No Outlines Minefield
5
The Countries of the World
6
Find the US States
7
9x9 Crossword: Cartoon Network
8
US States
More Sports Quizzes
The Definitive Barcelona Team
Curator's Pick
Trending Quizzes
Colored Red Europe Blitz I
Colored Red Africa Blitz II
Colored Red Africa Blitz III
Colored Red Europe Blitz III
Colored Red Europe Blitz II
Recently Updated
Champions League XIs: Real Madrid
pecheneg
Largest US Cities 1790-2010
pecheneg
Rides in Walt Disney World
pecheneg
Most Oscar Losses (Acting)
pecheneg
Beyoncé Albums
pecheneg
Leaping Animals
pecheneg
Reality TV Shows (A-Z)
bhenderson79
Rickey Henderson's Hall of Fame Teammates
pecheneg
Champions League XIs: Arsenal
pecheneg
Quick Pick: Celebrities in WWE's Hall of Fame
aduchscher
Trending Topics
NBA
Disney
Marvel
Anime
Harry Potter
Kpop
Crossword
WWE
Pokémon
NFL
Song
The Office
Soccer
Country
Puzzle
Your Account Isn't Verified!
In order to create a playlist on Sporcle, you need to verify the email address you used during registration. Go to your
Sporcle Settings
to finish the process.
Report this User
Report this user for behavior that violates our
Community Guidelines
.
Details:
Send Report
Go to the Sporcle.com Mobile Site →
Comments